Every 100,000+ City in Bulgaria in Order - Statistics

General Stats
  • This quiz has been taken 57 times
    24 since last reset
  • The average score is 6 of 9
Answer Stats
Letter Population City % Correct
S 1,851,594 Sofia
100%
B 310,747 Burgas
89%
P 520,839 Plovdiv
89%
V 430,847 Varna
83%
R 140,507 Ruse
72%
S-Z 147,320 Stara Zagora
61%
S 117,052 Sliven
56%
P 113,084 Pleven
44%
P 101,414 Pernik
6%
No matching quizzes found
Score Distribution
Percent of People with Each Score
Percentile by Number Answered
Your Score History
You have not taken this quiz since the last reset